000 00285nam a22001337a 4500
008 171122b xxu||||| |||| 00| 0 eng d
020 _a9780201047677
041 _aeng
080 _a51
100 _a38
101 _aMAT
245 _aAPPLIED ALGEBRA
_cPAUL/T.W
942 _2udc
_cBK
999 _c38300
_d38300